The 2000 planning appeal procedures (Record no. 66395)

MARC details
000 -LEADER
fixed length control field 01420cam a2200229 4500
001 - CONTROL NUMBER
control field ABS63748
008 - FIXED-LENGTH DATA ELEMENTS--GENERAL INFORMATION
fixed length control field 000000n2001 000 0 eng u
035 ## - SYSTEM CONTROL NUMBER
System control number (Sirsi) u111433
100 ## - MAIN ENTRY--PERSONAL NAME
Personal name Davies, J.
245 #4 - TITLE STATEMENT
Title The 2000 planning appeal procedures
260 ## - PUBLICATION, DISTRIBUTION, ETC.
Date of publication, distribution, etc. 2001
490 ## - SERIES STATEMENT
Series statement CSM (Chartered Surveyor Monthly)
Volume/sequential designation March 2001, 31(1)
520 ## - SUMMARY, ETC.
Summary, etc. Provides an agent's perspective on the new planning appeal procedures introduced on 1 August 2000. These were intended to create a fairer, more efficient planning system. Notes that appeals are won by ensuring the inspector is provided with all the information needed to support the case. Also advises that if a statement is late, without good reason, it will be sent back. Recommends reading Circular 5/2000, which can be viewed at: www.planning-inspectorate.gov.uk. Also advises looking out for a new Planning Policy Standard on the handling of appeals under the new procedures. This will suggest good practice for town planners, and is being prepared by the Royal Town Planning Institute and Planning Inspectorate. On completion it will be available at: www.rtpi.org.uk.
590 ## - LOCAL NOTE (RLIN)
Local note ABS
650 ## - SUBJECT ADDED ENTRY--TOPICAL TERM
Topical term or geographic name entry element PLANNING APPEALS
650 ## - SUBJECT ADDED ENTRY--TOPICAL TERM
Topical term or geographic name entry element INFORMATION PROVISION
650 ## - SUBJECT ADDED ENTRY--TOPICAL TERM
Topical term or geographic name entry element GUIDANCE
650 ## - SUBJECT ADDED ENTRY--TOPICAL TERM
Topical term or geographic name entry element ROYAL TOWN PLANNING INSTITUTE
650 ## - SUBJECT ADDED ENTRY--TOPICAL TERM
Topical term or geographic name entry element PLANNING INSPECTORATE
690 ## - LOCAL SUBJECT ADDED ENTRY--TOPICAL TERM (OCLC, RLIN)
Topical term or geographic name as entry element ENVIRONMENTAL AND LAND CONSULTANCY-PLANNING AND DEVELOPMENT
942 ## - ADDED ENTRY ELEMENTS (KOHA)
Suppress in OPAC 0
Holdings
Withdrawn status Lost status Source of classification or shelving scheme Damaged status Not for loan Home library Current library Shelving location Date acquired Total Checkouts Full call number Barcode Date last seen Copy number Price effective from Koha item type
    Dewey Decimal Classification     London London Journal article 14/03/2001   ABS63748 111433-1001 06/08/2019 1 06/08/2019 Journal article